000 00897nam a2200277 i 4500
001 12576
003 ES-MaACL
005 20250830054702.0
007 t|
008 960904s1996 sp ||||0| spa j
020 _a84-285-1818-1
040 _aM-BN
_bspa
_cM-BN
080 _a23(091)
100 1 _aBof, Giampiero.
_929761
245 1 0 _aTeología católica
_b: dos mil años de historia, de ideas, de personajes /
_cGiampiero Bof ; [traducido por Pedro M. García Fraile].
260 _aMadrid :
_bSan Pablo,
_cD.L. 1996.
300 _a259 p ;
_c21 cm.
490 1 _aTeología siglo XXI ;
_v21
500 _aTraducción de: Teologia cattolica.
650 1 4 _aTeología-
_vHistoria
_917460
700 1 _aGarcía Fraile, Pedro M.
_954621
830 0 _aTeología siglo XXI ;
_v21
_9228315
852 _aES-MaACL
_jL-19901
_bR.125620
999 _c12576
_d12576